• 首页
  • 本馆介绍
  • 公告通知
  • 最新文献
  • 馆藏检索
  • 电子资源
  • 读者导购
  • 参考咨询
  • 我的图书馆
  • 登录
  • 详细信息显示
  • 放入我的书架
  • 预约/预借图书
  • 作者相关作品
  • 分类相关作品
  • 丛书相关作品
  • 出版社相关作品

书目信息

  • 表格格式
  • 工作单格式
  • 卡片格式
题名:
白话容斋随笔
    
 
作者: 洪迈 著 ;程民生 , 李旭 主编
分册:  
出版信息: 郑州   中州古籍出版社  1993
页数: 471页
开本: 20cm
丛书名:
单 册:
中图分类: Z429.44
科图分类: 96.4
主题词: 随笔--中国--南宋--选集
电子资源:
ISBN: 7-5348-0770-0
000 00929nam0 2200277 45
001 0193009779
005 20070729095240.84
010    @a7-5348-0770-0@dCNY9.80
100    @a19930223d1993 em y0chiy0121 ea
101 0  @achi
102    @aCN@b410000
105    @ay z 000yy
200 10 @a白话容斋随笔@ABAI HUA RONG ZHAI SUI BI@f(宋)洪 迈著@F( SONG ) HONG MAI ZHU@g程民生,李 旭主编
210    @a郑州@c中州古籍出版社@d1993
215    @a471页@d20cm
330    @a《容斋随笔》是南宋学者洪迈(1123~1202)的名作,以考证、议论、记事为中心、内容有宋代的典章制度,三代以来的历史事实,政治风云;文坛趣话等。
517 1  @a容斋随笔@ARONG ZHAI SUI BI
540 1  @a容斋@ARONG ZHAI
606    @a随笔@y中国@z南宋@x选集
690    @aZ429.44@v三版
692    @a96.4
701  0 @a洪迈@AHONG MAI@4著
702  0 @a程民生@ACHENG MIN SHENG@4主编
702  0 @a李旭@ALI XU@4主编
801  0 @aCN@bTSSF@c20070729
905    @a10447@dZ429.44@e53
    
    白话容斋随笔/(宋)洪 迈著/程民生,李 旭主编.-郑州:中州古籍出版社,1993
    471页;20cm
    
    
    ISBN 7-5348-0770-0:CNY9.80
    《容斋随笔》是南宋学者洪迈(1123~1202)的名作,以考证、议论、记事为中心、内容有宋代的典章制度,三代以来的历史事实,政治风云;文坛趣话等。
●
相关链接 在E读中查询图书 在五车中查询图书 在当当中查询图书 在豆瓣中查询图书


正题名:白话容斋随笔     索取号:Z429.44/53         预约/预借

序号 登录号 条形码 馆藏地/架位号 状态 备注
1 0784792   207847927   第二样本阅览室/ [索取号:Z429.44/53] 在馆    
唐山师范学院图书馆 欢迎您!
大连网信软件有限公司© 版权所有